Kinh tế và phát triển

Gardado en:
Detalles Bibliográficos
Formato: Libro
Idioma:Undetermined
Publicado: Hà Nội Trường Đại học Kinh tế Quốc dân Hà Nội 2018
Những chủ đề:
Các nhãn: Engadir etiqueta
Sen Etiquetas, Sexa o primeiro en etiquetar este rexistro!
Thư viện lưu trữ: Trung tâm Học liệu Trường Đại học Cần Thơ
LEADER 00574nam a2200181Ia 4500
001 CTU_234964
008 210402s9999 xx 000 0 und d
020 |c 0 
082 |a 330 
082 |b K312 
245 0 |a Kinh tế và phát triển 
245 0 |c Trường Đại học Kinh tế Quốc dân Hà Nội 
260 |a Hà Nội 
260 |b Trường Đại học Kinh tế Quốc dân Hà Nội 
260 |c 2018 
650 |a Kinh tế học,Economic 
910 |b vdbang 
980 |a Trung tâm Học liệu Trường Đại học Cần Thơ